[Event "55th World U20 ch"]
[Site "Bhubaneswar IND"]
[Date "2016.08.17"]
[Round "9.6"]
[White "Aravindh, Chithambaram"]
[Black "Arjun, Kalyan"]
[Result "1-0"]
[WhiteElo "2543"]
[BlackElo "2292"]
[EventDate "2016.08.08"]
[PlyCount "99"]

1.e4 c5 2.Nf3 d6 3.d4 cxd4 4.Nxd4 Nf6 5.Nc3 e6 6.g4 h6 7.h4 Nc6 8.g5 hxg5 
9.Bxg5 Be7 10.Qd2 Qb6 11.Nb3 a6 12.O-O-O Bd7 13.Be2 Qc7 14.h5 O-O-O 15.Kb1
Kb8 16.Be3 Bc8 17.f4 b5 18.Bf3 Bb7 19.Rhg1 Bf8 20.Qf2 Nd7 21.Be2 Ka8 22.a4
b4 23.Na2 Rc8 24.Rc1 Nc5 25.Nxc5 dxc5 26.Bxc5 b3 27.Nc3 bxc2+ 28.Rxc2 Bxc5
29.Qxc5 Qxf4 30.Rxg7 Ne5 31.Qb4 Nf3 32.Qa5 Rc6 33.Bxf3 Qxf3 34.h6 Rcc8 35.
h7 Qf6 36.Rcg2 Qf1+ 37.Ka2 Rxh7 38.Rxh7 Qxg2 39.Rxf7 Qg8 40.Rd7 Qe8 41.Rd6
Qe7 42.Qb6 Re8 43.a5 e5 44.Nd5 Qf7 45.Qb3 Ka7 46.Rf6 Qd7 47.Rxa6+ Bxa6 48.
Qb6+ Ka8 49.Nc7+ Qxc7 50.Qxc7 1-0

[Event "55th World U20 ch"]
[Site "Bhubaneswar IND"]
[Date "2016.08.17"]
[Round "9.7"]
[White "Lorparizangeneh, Shahin"]
[Black "Henriquez Villagra, Cristobal"]
[Result "1/2-1/2"]
[WhiteElo "2478"]
[BlackElo "2520"]
[EventDate "2016.08.08"]
[PlyCount "130"]

1.d4 Nf6 2.c4 e6 3.Nf3 d5 4.g3 c6 5.Bg2 Nbd7 6.O-O dxc4 7.a4 a5 8.Nc3 Bb4 
9.Qc2 Qe7 10.e4 h6 11.Rd1 O-O 12.Na2 Ra6 13.e5 Nd5 14.Qxc4 N7b6 15.Qc2 c5 
16.Nxb4 cxb4 17.Bf1 Ra8 18.Qe4 f5 19.exf6 Qxf6 20.Bd3 Qxf3 21.Qh7+ Kf7 22.
Bg6+ Ke7 23.Qxg7+ Rf7 24.Bxf7 Qxf7 25.Qxh6 Bd7 26.b3 Bc6 27.Re1 Kd7 28.Bd2
Rg8 29.Re5 Ne7 30.Qe3 Bd5 31.Qd3 Nc6 32.Qb5 Qf3 33.Rxd5+ Nxd5 34.Qxb7+ Nc7
35.Qb6 Rb8 36.Qc5 Qxb3 37.Rc1 Qd5 38.Qc2 Re8 39.Bg5 b3 40.Qh7+ Kc8 41.Be3 
b2 42.Rb1 Qb3 43.Qg6 Rd8 44.Qe4 Nxd4 45.Bxd4 Qxa4 46.Rxb2 Rxd4 47.Qb7+ Kd7
48.h4 Rd5 49.Rb1 Qc2 50.Re1 a4 51.Qb4 Rd1 52.Rxd1+ Qxd1+ 53.Kh2 Nd5 54.Qc5
Qb3 55.h5 a3 56.h6 Qb2 57.h7 a2 58.Qa7+ Nc7 59.Qa4+ Nb5 60.Qxb5+ Qxb5 61.
h8=Q Qa4 62.Qg7+ Kd6 63.Qf8+ Kd7 64.Qf7+ Kd6 65.Qf8+ Ke5 1/2-1/2

[Event "55th World U20 ch"]
[Site "Bhubaneswar IND"]
[Date "2016.08.17"]
[Round "9.8"]
[White "Narayanan, Sunilduth Lyna"]
[Black "Xu Yi"]
[Result "1/2-1/2"]
[WhiteElo "2515"]
[BlackElo "2371"]
[EventDate "2016.08.08"]
[PlyCount "76"]

1.d4 Nf6 2.Nf3 d5 3.c4 e6 4.Nc3 Bb4 5.cxd5 exd5 6.Bf4 O-O 7.e3 c5 8.dxc5 
Nbd7 9.Rc1 Nxc5 10.Be2 Nfe4 11.Be5 Nxc3 12.Bxc3 Bxc3+ 13.Rxc3 Ne4 14.Ra3 
Qb6 15.Qd4 Bg4 16.O-O Bxf3 17.Bxf3 Qxd4 18.exd4 Rfc8 19.Re1 Rc4 20.Rd3 
Rac8 21.Bd1 Rc1 22.Kf1 Kf8 23.f3 Nd6 24.Bb3 Rxe1+ 25.Kxe1 Nc4 26.Bxc4 Rxc4
27.Kd2 Ke7 28.b3 Rc6 29.Re3+ Re6 30.Rc3 Kd7 31.Rc5 Rd6 32.Ra5 a6 33.a4 f6 
34.g4 Rb6 35.Kc3 Rc6+ 36.Rc5 b6 37.Rxc6 Kxc6 38.b4 g5 1/2-1/2

[Event "55th World U20 ch"]
[Site "Bhubaneswar IND"]
[Date "2016.08.17"]
[Round "9.9"]
[White "Gagare, Shardul"]
[Black "Mosadeghpour, Masoud"]
[Result "1/2-1/2"]
[WhiteElo "2486"]
[BlackElo "2437"]
[EventDate "2016.08.08"]
[PlyCount "64"]

1.c4 Nf6 2.g3 g6 3.Bg2 d5 4.cxd5 Nxd5 5.Nc3 Nb6 6.d3 Bg7 7.Be3 Nc6 8.Nf3 
O-O 9.Qd2 Re8 10.Bh6 Rf8 11.Be3 Re8 12.Bh6 Nd4 13.Bxg7 Nxf3+ 14.Bxf3 Kxg7 
15.O-O c6 16.b4 Nc4 17.Qc2 Nd6 18.a4 Bd7 19.Ne4 Nxe4 20.Bxe4 a5 21.Rab1 e5
22.bxa5 Bc8 23.Rb4 Qxa5 24.Rfb1 Re7 25.h4 Rd7 26.Qb2 Qc5 27.Rc4 Qe7 28.Qc3
f6 29.a5 Rd4 30.Rxd4 exd4 31.Qxd4 Rxa5 32.Bf3 h5 1/2-1/2

[Event "55th World U20 ch"]
[Site "Bhubaneswar IND"]
[Date "2016.08.17"]
[Round "9.10"]
[White "Beradze, Irakli"]
[Black "Studer, Noel"]
[Result "1-0"]
[WhiteElo "2440"]
[BlackElo "2477"]
[EventDate "2016.08.08"]
[PlyCount "73"]

1.d4 e6 2.Nf3 Nf6 3.c4 d5 4.Nc3 Nbd7 5.cxd5 exd5 6.Bg5 h6 7.Bh4 c6 8.e3 g5
9.Bg3 Nh5 10.Bd3 Nxg3 11.hxg3 Bg7 12.a4 a5 13.Qc2 Nb6 14.Ne5 Qe7 15.f4 Be6
16.O-O O-O 17.Qe2 Bxe5 18.dxe5 f5 19.g4 gxf4 20.exf4 Qh4 21.Qe3 d4 22.Qxd4
Rad8 23.Qe3 Nc4 24.Qe2 Nxb2 25.Bxf5 Bxf5 26.gxf5 Nd3 27.Qe4 Kh8 28.Rad1 
Nc5 29.Qe3 b6 30.f6 Qg4 31.f5 Kh7 32.e6 Rxd1 33.Rxd1 Qxf5 34.e7 Re8 35.Rf1
Qe6 36.Qxe6 Nxe6 37.Ne4 1-0

[Event "55th World U20 ch"]
[Site "Bhubaneswar IND"]
[Date "2016.08.17"]
[Round "9.11"]
[White "Alexeenko, Kiril"]
[Black "Yuan Qingyu"]
[Result "1-0"]
[WhiteElo "2582"]
[BlackElo "2366"]
[EventDate "2016.08.08"]
[PlyCount "104"]

1.e4 c5 2.Nf3 d6 3.c3 Nf6 4.h3 g6 5.Bd3 Bg7 6.Bc2 Nc6 7.Bd3 Nb8 8.Bc2 Nc6 
9.O-O O-O 10.d4 cxd4 11.cxd4 d5 12.e5 Ne4 13.Re1 Qb6 14.Nc3 Nxc3 15.bxc3 
Na5 16.Bg5 Qc7 17.Qd2 Be6 18.Rac1 Qd7 19.Bh6 f6 20.Bxg7 Kxg7 21.Qf4 Rae8 
22.Qg3 f5 23.h4 f4 24.Qg5 Bf5 25.e6 Qd6 26.h5 Bxc2 27.Rxc2 Rf5 28.Qg4 Nc6 
29.hxg6 hxg6 30.Nh4 Rf6 31.Rd2 Rh8 32.Rd3 Nd8 33.Re5 Nc6 34.Re1 Nd8 35.Rh3
Nxe6 36.Re5 Kf7 37.Nf3 Rxh3 38.Qxh3 Ke8 39.Qh8+ Nf8 40.Ng5 Kd7 41.c4 dxc4 
42.Ne4 Qc6 43.Qg7 Re6 44.Nc5+ Ke8 45.Nxe6 Nxe6 46.Qxg6+ Kd7 47.d5 Qd6 48.
Qxe6+ Qxe6 49.Rxe6 c3 50.Kf1 c2 51.Re1 Kd6 52.Rc1 Kxd5 1-0

[Event "55th World U20 ch"]
[Site "Bhubaneswar IND"]
[Date "2016.08.17"]
[Round "9.12"]
[White "Wagner, Dennis"]
[Black "Fan Huifeng"]
[Result "1-0"]
[WhiteElo "2572"]
[BlackElo "2223"]
[EventDate "2016.08.08"]
[PlyCount "90"]

1.Nf3 Nf6 2.c4 e6 3.g3 d5 4.Bg2 Be7 5.O-O O-O 6.d4 dxc4 7.Ne5 Nc6 8.Bxc6 
bxc6 9.Nxc6 Qd6 10.Qa4 Bb7 11.Nxe7+ Qxe7 12.Qxc4 e5 13.dxe5 Qxe5 14.Nc3 
Rac8 15.Bf4 Qe6 16.Qxe6 fxe6 17.Rac1 Nd5 18.Bd2 Rfd8 19.Rfd1 Nxc3 20.Bxc3 
Rd5 21.f3 g5 22.g4 Rcd8 23.Rxd5 Rxd5 24.Kf2 Kf7 25.Bb4 Rd7 26.Rc5 h6 27.
Ra5 a6 28.Rc5 Ke8 29.h4 gxh4 30.Rh5 Rh7 31.Bd2 Kf7 32.Rxh4 e5 33.Rxh6 Rxh6
34.Bxh6 Bd5 35.a3 Ke6 36.Bg7 Bb3 37.e3 Bd1 38.Kg3 Kd5 39.f4 exf4+ 40.exf4 
Ke4 41.Be5 c6 42.Kh4 Be2 43.Kg5 Bd1 44.Bc3 Be2 45.f5 Kd5 1-0

[Event "55th World U20 ch"]
[Site "Bhubaneswar IND"]
[Date "2016.08.17"]
[Round "9.13"]
[White "Dhulipalla, Bala Chandra Prasad"]
[Black "Tran Tuan Minh"]
[Result "1/2-1/2"]
[WhiteElo "2276"]
[BlackElo "2473"]
[EventDate "2016.08.08"]
[PlyCount "67"]

1.d4 Nf6 2.Bf4 d5 3.e3 c5 4.c3 Nc6 5.Nd2 Bf5 6.Qb3 Qc8 7.Ngf3 e6 8.dxc5 
Bxc5 9.Nd4 Bg6 10.Nxc6 bxc6 11.c4 O-O 12.Be2 a5 13.O-O a4 14.Qc3 Be7 15.
Be5 Qb7 16.a3 Rfc8 17.Bd3 Bxd3 18.Qxd3 Nd7 19.Bc3 Rab8 20.Rab1 Qa6 21.Rfd1
Rb7 22.Qc2 Nb6 23.Bd4 c5 24.Be5 f6 25.Bc3 Nxc4 26.Qd3 Rc6 27.Nxc4 Qxc4 28.
Qxc4 dxc4 29.Rbc1 Kf7 30.Rc2 Rcb6 31.g3 Rb3 32.e4 Ke8 33.Kf1 R3b6 34.Rcd2 
1/2-1/2

[Event "55th World U20 ch"]
[Site "Bhubaneswar IND"]
[Date "2016.08.17"]
[Round "9.14"]
[White "Grandadam, Patrik"]
[Black "Gholami, Aryan"]
[Result "1-0"]
[WhiteElo "2325"]
[BlackElo "2461"]
[EventDate "2016.08.08"]
[PlyCount "195"]

1.e4 c5 2.Nf3 e6 3.d4 cxd4 4.Nxd4 a6 5.Bd3 Nf6 6.O-O e5 7.Bg5 d6 8.Nf5 
Bxf5 9.exf5 Be7 10.Bxf6 Bxf6 11.Be4 Nc6 12.Nc3 O-O 13.Nd5 Rc8 14.c3 Bg5 
15.Qg4 f6 16.Rad1 Ne7 17.Rd3 Kh8 18.Rfd1 Nxd5 19.Bxd5 Qb6 20.Qe2 Rfd8 21.
Rh3 Rc5 22.c4 Rc7 23.Rb3 Qa7 24.a4 b6 25.g3 Rc5 26.h4 Bh6 27.Qd3 Qc7 28.
Kg2 Rb8 29.Ra1 Qd8 30.Rc3 a5 31.Rb3 Qc7 32.Rd1 Qd7 33.Rb5 Qc7 34.Rb3 Re8 
35.Qe4 Rd8 36.Kg1 Rb8 37.Qd3 Re8 38.Qe4 Rb8 39.Rbd3 Rd8 40.b3 Rb8 41.Be6 
Rc6 42.Rd5 Rd8 43.Kf1 Re8 44.Qg4 Qe7 45.Qh5 Rd8 46.Qf7 Qxf7 47.Bxf7 g6 48.
fxg6 hxg6 49.Bxg6 Bf8 50.Be4 Rc5 51.Ke2 Be7 52.Bf5 Kg7 53.Ke3 Kf7 54.f4 
exf4+ 55.Kxf4 Bf8 56.Re1 Bh6+ 57.Kf3 Rxd5 58.Be6+ Kf8 59.Bxd5 Re8 60.Rxe8+
Kxe8 61.Kg4 Kf8 62.Kf5 Kg7 63.Ke6 Be3 64.Kxd6 Bf2 65.Kc6 f5 66.Bf3 Kf6 67.
Bd1 Bd4 68.Bc2 Bf2 69.Kb5 Ke6 70.h5 Kf6 71.h6 Kg6 72.h7 Kxh7 73.Bxf5+ Kh6 
74.g4 Kg5 75.b4 axb4 76.Kxb4 Kf6 77.Kb5 Ke5 78.a5 bxa5 79.Kxa5 Be3 80.Kb5 
Kd6 81.Bc2 Bf4 82.c5+ Kc7 83.Kc4 Be3 84.Kd5 Kb7 85.Be4 Kc7 86.c6 Bf4 87.
Ke6 Bd2 88.Kf5 Kd6 89.g5 Ke7 90.Bf3 Be3 91.g6 Bd4 92.Ke4 Bc3 93.Kd5 Ba5 
94.Be4 Bc7 95.Kc5 Ke6 96.Kb5 Ke7 97.Ka6 Be5 98.Kb7 1-0

[Event "55th World U20 ch"]
[Site "Bhubaneswar IND"]
[Date "2016.08.17"]
[Round "9.16"]
[White "Praggnanandhaa, R."]
[Black "Rajdeep, Sarkar"]
[Result "1/2-1/2"]
[WhiteElo "2429"]
[BlackElo "2351"]
[EventDate "2016.08.08"]
[PlyCount "186"]

1.e4 e5 2.Nf3 Nc6 3.Bc4 Nf6 4.d3 Be7 5.O-O O-O 6.Re1 d6 7.c3 Na5 8.Bb5 a6 
9.Ba4 b5 10.Bc2 c5 11.Nbd2 Nc6 12.Nf1 h6 13.h3 Re8 14.a3 Bf8 15.b4 d5 16.
exd5 Nxd5 17.Bd2 cxb4 18.axb4 Bf5 19.Ng3 Bh7 20.Qb1 Qc7 21.Ne4 Kh8 22.Bb3 
Nf4 23.Bxf4 exf4 24.Bd5 Rad8 25.Qa2 Ne5 26.Nxe5 Rxe5 27.Bxf7 Rxd3 28.Nc5 
Bxc5 29.Rxe5 Bxf2+ 30.Kxf2 Qxe5 31.Re1 Re3 32.Qxa6 g5 33.Qxh6 Qe7 34.Be6 
Rxe1 35.Kxe1 Qg7 36.Qxg7+ Kxg7 37.Bg4 Kf6 38.Be2 Be4 39.Bf3 Bd3 40.Be2 Be4
41.Bf3 Bd3 42.Kf2 Ke5 43.Bc6 Kf5 44.Kf3 Bf1 45.Bb7 Bd3 46.Ba8 Bf1 47.Bc6 
Bd3 48.Bd7+ Ke5 49.Kg4 Kf6 50.h4 Be2+ 51.Kh3 gxh4 52.Kxh4 Bf1 53.Bc6 Kf5 
54.Bf3 Bd3 55.Kh5 Bf1 56.Kh6 Kf6 57.Be4 Be2 58.Bc6 Bd3 59.Kh5 Kf5 60.Kh4 
Be2 61.Bd5 Bd3 62.Bb7 Be2 63.Bc6 Bd3 64.g4+ fxg3 65.Kxg3 Ke5 66.Kf3 Kd6 
67.Bb7 Kc7 68.Ba8 Kb6 69.Ke3 Bf1 70.Bf3 Bc4 71.Be2 Ba2 72.Kd4 Bg8 73.Bf3 
Bh7 74.Be4 Bg8 75.Bd5 Bh7 76.Ke5 Bb1 77.Kd4 Bh7 78.c4 bxc4 79.Bxc4 Bb1 80.
Kc3 Bg6 81.Kb3 Be8 82.Kc3 Bg6 83.Be2 Be8 84.Bd3 Bh5 85.Kd4 Be8 86.Bc4 Bh5 
87.Kd5 Bf7+ 88.Kd4 Be8 89.b5 Bh5 90.Kc3 Bg6 91.Kb4 Bh5 92.Kc3 Bg6 93.Bd3 
Be8 1/2-1/2

[Event "55th World U20 ch"]
[Site "Bhubaneswar IND"]
[Date "2016.08.17"]
[Round "9.17"]
[White "Harsha, Bharathakoti"]
[Black "Mousavi, Seyed Khalil"]
[Result "1/2-1/2"]
[WhiteElo "2344"]
[BlackElo "2422"]
[EventDate "2016.08.08"]
[PlyCount "62"]

1.d4 d5 2.c4 e6 3.Nc3 Be7 4.Nf3 Nf6 5.Bf4 O-O 6.e3 b6 7.Qc2 Bb7 8.Rd1 h6 
9.cxd5 Nxd5 10.Nxd5 Qxd5 11.a3 Nd7 12.Bc4 Qa5+ 13.Qd2 Qxd2+ 14.Rxd2 Bd6 
15.Bg3 Nf6 16.Ke2 Ne4 17.Rc2 Nxg3+ 18.hxg3 Rfd8 19.Rd1 Rac8 20.d5 e5 21.
Rdd2 Kf8 22.Rd1 Kg8 23.Rdd2 Kf8 24.Rd1 Kg8 25.Rdd2 Kf8 26.Rd1 Ke7 27.Rdd2 
c5 28.e4 g6 29.Nh4 h5 30.Rd1 a6 31.a4 Bb8 1/2-1/2

[Event "55th World U20 ch"]
[Site "Bhubaneswar IND"]
[Date "2016.08.17"]
[Round "9.18"]
[White "Bersamina, Paulo"]
[Black "Papakonstantinou, Dimitrios"]
[Result "1-0"]
[WhiteElo "2402"]
[BlackElo "2180"]
[EventDate "2016.08.08"]
[PlyCount "101"]

1.e4 c5 2.Nc3 Nc6 3.Bb5 g6 4.Bxc6 dxc6 5.d3 Bg7 6.Be3 b6 7.Nge2 Nh6 8.h3 
f6 9.Qd2 Nf7 10.f4 e5 11.fxe5 fxe5 12.O-O-O Be6 13.g4 Qe7 14.Ng1 O-O-O 15.
Nf3 Rd7 16.Qe2 Bf6 17.b3 Ng5 18.Rdf1 Bf7 19.Nxg5 Bxg5 20.Kb2 Be6 21.Qd2 
Bxe3 22.Qxe3 Rdd8 23.Rf3 Rdf8 24.Rhf1 Rxf3 25.Qxf3 Kd7 26.Qg3 Qg5 27.Ne2 
h5 28.Ng1 Kd6 29.Nf3 Qf4 30.Qg1 hxg4 31.Nd4 Qg5 32.Nxe6 Kxe6 33.hxg4 Qd8 
34.g5 Rf8 35.Qg4+ Ke7 36.Rh1 Rf7 37.Kb1 Qd7 38.Qxd7+ Kxd7 39.Rh6 Rg7 40.
Kb2 Ke6 41.Rh8 Kd6 42.a4 b5 43.Kc3 c4 44.axb5 cxd3 45.cxd3 cxb5 46.Kb4 Rd7
47.Kxb5 Kc7 48.Kc4 Kb6 49.Rb8+ Kc6 50.Rg8 Rd6 51.Re8 1-0

[Event "55th World U20 ch"]
[Site "Bhubaneswar IND"]
[Date "2016.08.17"]
[Round "9.19"]
[White "Akash, Ganesan"]
[Black "Rakesh, Kumar Jena"]
[Result "1/2-1/2"]
[WhiteElo "2400"]
[BlackElo "2161"]
[EventDate "2016.08.08"]
[PlyCount "61"]

1.e4 c5 2.Nf3 d6 3.Bb5+ Bd7 4.Bxd7+ Qxd7 5.c4 Nf6 6.Nc3 g6 7.d4 cxd4 8.
Nxd4 Bg7 9.f3 O-O 10.Be3 Nc6 11.O-O Rfd8 12.Qd2 e6 13.Rac1 d5 14.exd5 exd5
15.c5 Nxd4 16.Bxd4 Ne4 17.Qe3 Nxc3 18.Qxc3 Bxd4+ 19.Qxd4 Re8 20.Rfe1 Re6 
21.Rxe6 Qxe6 22.h4 Re8 23.Rd1 Qf5 24.Qf2 h5 25.b4 Qd7 26.a3 Re5 27.Kh2 Qb5
28.Rd2 a6 29.Qd4 Qe8 30.a4 Rf5 31.Ra2 1/2-1/2

[Event "55th World U20 ch"]
[Site "Bhubaneswar IND"]
[Date "2016.08.17"]
[Round "9.20"]
[White "Srijit, Paul"]
[Black "Martins, David Pires Tavares"]
[Result "1-0"]
[WhiteElo "2217"]
[BlackElo "2402"]
[EventDate "2016.08.08"]
[PlyCount "69"]

1.e4 d6 2.d4 Nf6 3.Nc3 g6 4.Be3 a6 5.h3 b5 6.e5 Nfd7 7.Qf3 Nb6 8.a4 b4 9.
Ne4 d5 10.Ng5 f6 11.e6 Qd6 12.Nf7 Qxe6 13.Nxh8 Bg7 14.a5 N6d7 15.Nxg6 hxg6
16.Ne2 Bb7 17.Qg3 Nf8 18.Qxc7 Qc6 19.Qxc6+ Nxc6 20.Nf4 e6 21.h4 Kf7 22.h5 
g5 23.Nd3 Nd7 24.h6 Rh8 25.Ra4 Bf8 26.Be2 Be7 27.f4 Kg6 28.fxg5 fxg5 29.
Bh5+ Kh7 30.Bg4 Nf8 31.Nf2 Kg6 32.Bh5+ Kxh6 33.Be8+ Kg7 34.Rxh8 Kxh8 35.
Nd3 1-0

[Event "55th World U20 ch"]
[Site "Bhubaneswar IND"]
[Date "2016.08.17"]
[Round "9.21"]
[White "Basso, Pierluigi"]
[Black "Rahul Srivatshav, P."]
[Result "0-1"]
[WhiteElo "2455"]
[BlackElo "2280"]
[EventDate "2016.08.08"]
[PlyCount "68"]

1.d4 Nf6 2.c4 e6 3.Nf3 b6 4.a3 Ba6 5.Qb3 d5 6.cxd5 exd5 7.Bg5 Be7 8.Nc3 c6
9.Bxf6 Bxf6 10.e4 Bxf1 11.Rxf1 dxe4 12.Nxe4 O-O 13.O-O-O g6 14.h4 Bg7 15.
Ne5 c5 16.Ng5 Qc7 17.Kb1 Nc6 18.Nxc6 Qxc6 19.d5 Qd7 20.Ne6 fxe6 21.dxe6 
Qe7 22.Rd7 Qf6 23.e7+ Rf7 24.Rfd1 Re8 25.R1d6 c4 26.Qb4 Qxf2 27.Rd2 Qxh4 
28.Re2 Bf6 29.g3 Qh1+ 30.Ka2 Qc6 31.Rxa7 Qc5 32.Qxc5 bxc5 33.a4 Rfxe7 34.
Rexe7 Rxe7 0-1

[Event "55th World U20 ch"]
[Site "Bhubaneswar IND"]
[Date "2016.08.17"]
[Round "9.22"]
[White "Pirverdiev, Agil"]
[Black "Shailesh, Dravid"]
[Result "1-0"]
[WhiteElo "2364"]
[BlackElo "2224"]
[EventDate "2016.08.08"]
[PlyCount "81"]

1.Nf3 Nf6 2.c4 g6 3.Nc3 Bg7 4.g3 O-O 5.Bg2 d6 6.d4 Nbd7 7.O-O e5 8.e4 c6 
9.h3 exd4 10.Nxd4 Re8 11.Re1 Qb6 12.Nc2 Qc7 13.Be3 Nc5 14.Bf4 Bf8 15.Qd2 
Nfd7 16.Rad1 Ne5 17.Qe2 Be6 18.b3 a5 19.Nd4 h5 20.Be3 Ned7 21.f4 Nf6 22.
Nxe6 Nxe6 23.Qf2 Nd7 24.Kh1 Bg7 25.Qd2 Rad8 26.Rf1 Nec5 27.Bd4 Nf6 28.Qc2 
Ne6 29.Be3 Nd7 30.f5 Nec5 31.Bg5 Rc8 32.f6 Bf8 33.Qf2 Ne5 34.Ne2 a4 35.Nf4
Ne6 36.Nxe6 Rxe6 37.g4 hxg4 38.hxg4 Qa5 39.Qh4 Qc3 40.Rde1 axb3 41.axb3 
1-0

[Event "55th World U20 ch"]
[Site "Bhubaneswar IND"]
[Date "2016.08.17"]
[Round "9.23"]
[White "Belous, Mikhail"]
[Black "Taalaibekov, Tagir"]
[Result "0-1"]
[WhiteElo "2343"]
[BlackElo "2182"]
[EventDate "2016.08.08"]
[PlyCount "140"]

1.d4 e6 2.c4 f5 3.Nf3 Nf6 4.g3 d5 5.Bg2 c6 6.O-O Bd6 7.b3 O-O 8.Bb2 a5 9.
a4 Bd7 10.Nbd2 Be8 11.Ne5 Bh5 12.f3 Nbd7 13.Qc2 Nxe5 14.dxe5 Bc5+ 15.Kh1 
Nd7 16.cxd5 cxd5 17.e4 fxe4 18.fxe4 Bg6 19.Rxf8+ Qxf8 20.Rf1 Qe7 21.Qd1 
Nb6 22.exd5 Nxd5 23.Nc4 Rd8 24.Qf3 b6 25.Nd6 Ne3 26.Re1 Rf8 27.Qe2 Nxg2 
28.Qxg2 Rf2 29.Qa8+ Qf8 30.Qxf8+ Kxf8 31.Bc1 Bb4 32.Rd1 Bh5 33.Be3 Bxd1 
34.Bxf2 Bxb3 35.Bxb6 Bxa4 36.Kg1 Bc6 37.Bd4 a4 38.Kf2 a3 39.Ke3 Ke7 40.Nc4
Bd5 41.Kd3 Kd7 42.Ne3 Bb3 43.Ng2 Kc6 44.Nf4 Kb5 45.Nh5 Bc4+ 46.Kc2 Bd5 47.
Kd3 Ka4 48.Nf4 Ba2 49.Kc2 Bc4 50.Ng2 Bd5 51.Nf4 Be4+ 52.Kc1 Bf5 53.h3 Kb3 
54.g4 a2 55.gxf5 Ba3+ 56.Kd2 Bb2 57.Nd3 a1=Q 58.Bxb2 Qa5+ 59.Ke3 exf5 60.
e6 Qb6+ 61.Kd2 Qd6 62.Be5 Qe7 63.Nf4 g5 64.Ne2 Kc4 65.Nd4 Kd5 66.Bh8 Qf8 
67.e7 Qxh8 68.Nxf5 Qe8 69.Ke3 Ke5 70.Nd4 Kf6 0-1

[Event "55th World U20 ch"]
[Site "Bhubaneswar IND"]
[Date "2016.08.17"]
[Round "9.24"]
[White "Sammed Jaykumar, Shete"]
[Black "Gheorghiu, Calin"]
[Result "1-0"]
[WhiteElo "2253"]
[BlackElo "2343"]
[EventDate "2016.08.08"]
[PlyCount "63"]

1.e4 c5 2.c3 Nf6 3.e5 Nd5 4.Nf3 d6 5.Bc4 e6 6.O-O Nc6 7.d4 cxd4 8.cxd4 Be7
9.Bd2 O-O 10.Nc3 Nxc3 11.Bxc3 dxe5 12.dxe5 Qb6 13.Qe2 Rd8 14.Qe4 Bd7 15.a3
Na5 16.Bd3 g6 17.Rad1 Nb3 18.Qf4 Nc5 19.Bc4 Bb5 20.Rd6 Bxc4 21.Rxb6 Bxf1 
22.Rd6 Bb5 23.h4 Bc6 24.b4 Ne4 25.Rxc6 bxc6 26.Qxe4 Rd5 27.Bd4 a5 28.Bc5 
axb4 29.axb4 Bxc5 30.bxc5 h5 31.Qe3 Kf8 32.Ng5 1-0

[Event "55th World U20 ch"]
[Site "Bhubaneswar IND"]
[Date "2016.08.17"]
[Round "9.25"]
[White "Rydstrom, Tom"]
[Black "Ivic, Velimir"]
[Result "1/2-1/2"]
[WhiteElo "2315"]
[BlackElo "2270"]
[EventDate "2016.08.08"]
[PlyCount "121"]

1.e4 c5 2.Nc3 Nc6 3.Bb5 Nd4 4.Bc4 e6 5.Nge2 Nf6 6.O-O a6 7.a4 d5 8.exd5 
exd5 9.Nxd5 Nxd5 10.Nxd4 cxd4 11.Qh5 Be6 12.Re1 Be7 13.Rxe6 Nf4 14.Rxe7+ 
Qxe7 15.Qf3 Ng6 16.Bf1 O-O 17.b3 Rfe8 18.Bb2 Rad8 19.g3 Qe4 20.Qxe4 Rxe4 
21.Bg2 Re7 22.a5 Rc7 23.c3 dxc3 24.Bxc3 Ne7 25.Re1 Nc6 26.h4 h6 27.Re4 
Rcd7 28.Kf1 Nd4 29.Rg4 h5 30.Rxd4 Rxd4 31.Bxd4 Rxd4 32.Bxb7 Rxd2 33.Bxa6 
Ra2 34.b4 Ra4 35.Bb7 Rxb4 36.a6 Ra4 37.Ke2 Kf8 38.Kd3 Ke7 39.Kc3 Kd6 40.
Kd3 Kc5 41.Ke3 f6 42.Kf3 Kd4 43.Kf4 g6 44.Kf3 Ra2 45.Kg2 Kd3 46.Bc6 Kd2 
47.Be8 Rxa6 48.Bxg6 Ra5 49.f4 Ke3 50.f5 Ra2+ 51.Kh3 Rf2 52.Bxh5 Rxf5 53.
Bf7 Kf2 54.h5 Rf3 55.Kg4 Rxg3+ 56.Kf5 Rf3+ 57.Kg6 f5 58.h6 Rh3 59.Be6 Ke3 
60.Bxf5 Rxh6+ 61.Kxh6 1/2-1/2

[Event "55th World U20 ch"]
[Site "Bhubaneswar IND"]
[Date "2016.08.17"]
[Round "9.26"]
[White "Barath Kalyan, M."]
[Black "Karthik, Venkataraman"]
[Result "0-1"]
[WhiteElo "2197"]
[BlackElo "2305"]
[EventDate "2016.08.08"]
[PlyCount "98"]

1.d4 Nf6 2.Nf3 e6 3.c4 Bb4+ 4.Bd2 Qe7 5.g3 Nc6 6.Nc3 O-O 7.Bg2 Na5 8.b3 b6
9.O-O Bb7 10.Qc2 d5 11.Ne5 c5 12.cxd5 cxd4 13.Nb5 Nxd5 14.Nxd4 Rac8 15.Qd3
Rfd8 16.Rac1 Bd6 17.Nef3 Nf6 18.Rxc8 Rxc8 19.Rc1 Rd8 20.Qb5 Ba3 21.Rf1 Rd5
22.Qa4 Bc5 23.Bxa5 bxa5 24.Nc6 Bxc6 25.Qxc6 g6 26.e3 Bb6 27.Nd4 Rd8 28.Nb5
Kg7 29.h3 Rd2 30.a3 Rd3 31.Qc2 Rd8 32.Rd1 a6 33.Rxd8 Bxd8 34.Nd4 Bb6 35.a4
Bxd4 36.exd4 Qb4 37.Qc4 Qb6 38.Bf1 Ne4 39.Bd3 Nd2 40.Qxa6 Qxd4 41.Qb5 Nf3+
42.Kf1 Qa1+ 43.Kg2 Ne1+ 44.Kh2 Qd4 45.Kg1 Nxd3 46.Qxa5 Qxf2+ 47.Kh1 Qxg3 
48.Qc3+ e5 49.Qc6 Nf2# 0-1

[Event "55th World U20 ch"]
[Site "Bhubaneswar IND"]
[Date "2016.08.17"]
[Round "9.27"]
[White "Lokander, Martin"]
[Black "Tran Minh Thang"]
[Result "1-0"]
[WhiteElo "2365"]
[BlackElo "2353"]
[EventDate "2016.08.08"]
[PlyCount "91"]

1.d4 Nf6 2.c4 g6 3.Nc3 d5 4.Nf3 Bg7 5.Bg5 Ne4 6.Bf4 Nxc3 7.bxc3 c5 8.cxd5 
Qxd5 9.e3 Nc6 10.Be2 O-O 11.O-O b6 12.c4 Qd7 13.d5 Na5 14.Rc1 f6 15.e4 e5 
16.Bd2 Nb7 17.a4 Nd6 18.Bd3 f5 19.Re1 f4 20.a5 Qe7 21.axb6 axb6 22.Rb1 Ra6
23.Ra1 g5 24.Rxa6 Bxa6 25.Qa4 Bb7 26.Bc3 g4 27.Nd2 Rf6 28.Rb1 b5 29.cxb5 
Rh6 30.b6 Qh4 31.Nf1 f3 32.Bd2 fxg2 33.Bxh6 gxf1=R+ 34.Bxf1 Bxh6 35.Qd7 
Bf4 36.h3 g3 37.Qe6+ Kg7 38.Qxd6 gxf2+ 39.Kh1 Qg3 40.Qe7+ Kg8 41.Qe8+ Kg7 
42.Qe7+ Kg8 43.Qe6+ Kf8 44.Qf5+ Ke7 45.d6+ Kd8 46.Qf8+ 1-0

[Event "55th World U20 ch"]
[Site "Bhubaneswar IND"]
[Date "2016.08.17"]
[Round "9.28"]
[White "Nihal, Sarin"]
[Black "Chakravarthi Reddy, M."]
[Result "0-1"]
[WhiteElo "2358"]
[BlackElo "2228"]
[EventDate "2016.08.08"]
[PlyCount "94"]

1.d4 c5 2.d5 e5 3.e4 d6 4.Bb5+ Bd7 5.a4 Nf6 6.Nc3 Be7 7.Nf3 O-O 8.Nd2 Na6 
9.Bxa6 bxa6 10.Nc4 Ne8 11.f4 exf4 12.Bxf4 f5 13.e5 dxe5 14.Bxe5 Bf6 15.O-O
Bxe5 16.Nxe5 Nd6 17.Qd3 c4 18.Qd4 Be8 19.Nxc4 Nxc4 20.Qxc4 Qb6+ 21.Kh1 Bg6
22.b4 Rac8 23.Qb3 f4 24.d6+ Bf7 25.Nd5 Qxd6 26.Rad1 Kh8 27.c4 Bh5 28.Rde1 
Rce8 29.Rxe8 Rxe8 30.Qc3 f3 31.g3 Rf8 32.Kg1 a5 33.bxa5 Qc5+ 34.Ne3 Re8 
35.Kf2 Bf7 36.Rd1 Kg8 37.Rd4 Qc6 38.Qb3 Qc5 39.Qc3 Qc6 40.Qb4 Qh6 41.Ng4 
Qh3 42.Kxf3 Bh5 43.Qd2 Qf1+ 44.Qf2 Rf8+ 45.Rf4 Bxg4+ 46.Ke3 Re8+ 47.Kd4 
Qa1+ 0-1

[Event "55th World U20 ch"]
[Site "Bhubaneswar IND"]
[Date "2016.08.17"]
[Round "9.29"]
[White "Ritviz Bhiva, Parab"]
[Black "Viennot, Dylan"]
[Result "1/2-1/2"]
[WhiteElo "2259"]
[BlackElo "2342"]
[EventDate "2016.08.08"]
[PlyCount "71"]

1.e4 e6 2.d4 d5 3.Nc3 Nf6 4.Bg5 dxe4 5.Nxe4 Be7 6.Bxf6 gxf6 7.Nf3 f5 8.
Ned2 c5 9.dxc5 Qa5 10.c3 Qxc5 11.Nc4 Nd7 12.Qd4 Qxd4 13.Nxd4 a6 14.g3 b5 
15.Na5 Bf6 16.Bg2 Ra7 17.Rd1 Rc7 18.O-O Nc5 19.c4 Bd7 20.Rfe1 O-O 21.b4 
Na4 22.c5 e5 23.Ne2 e4 24.Rd6 Be6 25.Rxa6 Rd8 26.Nf4 Bc3 27.Nxe6 fxe6 28.
Rb1 Kf7 29.Bf1 Bf6 30.a3 Nc3 31.Rc1 Rd2 32.Nc6 Na2 33.Re1 Nc3 34.Rc1 Na2 
35.Re1 Nc3 36.Rc1 1/2-1/2

[Event "55th World U20 ch"]
[Site "Bhubaneswar IND"]
[Date "2016.08.17"]
[Round "9.30"]
[White "Gandhi, Anish"]
[Black "Krishna Teja, N."]
[Result "0-1"]
[WhiteElo "2156"]
[BlackElo "2282"]
[EventDate "2016.08.08"]
[PlyCount "78"]

1.e4 e6 2.d4 d5 3.Nd2 Nf6 4.e5 Nfd7 5.f4 c5 6.c3 Nc6 7.Ndf3 cxd4 8.cxd4 
Qb6 9.g3 Bb4+ 10.Kf2 f6 11.Kg2 O-O 12.Bd3 a5 13.Ne2 a4 14.a3 Be7 15.Qc2 f5
16.Be3 Rd8 17.Rag1 Nf8 18.Kf2 Bd7 19.g4 Rdc8 20.Qb1 Na5 21.gxf5 exf5 22.
Bxf5 Bxf5 23.Qxf5 Rc6 24.Qd3 Qxb2 25.f5 Qxa3 26.Qxa3 Bxa3 27.f6 Ne6 28.Ng5
Nxg5 29.Rxg5 Bf8 30.Nf4 a3 31.e6 g6 32.f7+ Kg7 33.Rhg1 a2 34.Nh5+ Kh8 35.
Bf4 Nc4 36.Ra1 Rxe6 37.Ng3 Bh6 38.Rg4 Rf6 39.Kg1 Bxf4 0-1

[Event "55th World U20 ch"]
[Site "Bhubaneswar IND"]
[Date "2016.08.17"]
[Round "9.31"]
[White "Gajwa, Ankit"]
[Black "Subhayan, Kundu"]
[Result "0-1"]
[WhiteElo "2282"]
[BlackElo "2189"]
[EventDate "2016.08.08"]
[PlyCount "130"]

1.e4 e6 2.d4 d5 3.Nc3 Nf6 4.e5 Nfd7 5.Nf3 c5 6.dxc5 Nc6 7.Bf4 Bxc5 8.Bd3 
f6 9.exf6 Nxf6 10.Qe2 O-O 11.O-O-O a6 12.Kb1 Bd6 13.Bg3 b5 14.Ng5 Qe7 15.
Rhe1 Bxg3 16.hxg3 Re8 17.Nxh7 Nxh7 18.Nxd5 Qf7 19.Nc7 Bb7 20.Nxa8 Bxa8 21.
Rh1 Nf6 22.Rh4 Ne7 23.Rdh1 Kf8 24.Rh8+ Neg8 25.Qe5 Qd7 26.f3 Qd5 27.Qc7 
Qc6 28.Qa7 Re7 29.Qb8+ Re8 30.Qe5 Qd5 31.Qc3 Bb7 32.Be4 Qd7 33.Bg6 Rd8 34.
a3 Qd4 35.Qc7 Qd7 36.Qf4 Qd6 37.Qh4 Bd5 38.g4 e5 39.g5 Be6 40.Bd3 Nd5 41.
g3 b4 42.Qe4 bxa3 43.Rxg8+ Bxg8 44.Qf5+ Ke7 45.Re1 a2+ 46.Ka1 Nb4 47.Rxe5+
Be6 48.Re1 Qd5 49.Qg6 Rg8 50.Bf5 Nxc2+ 51.Bxc2 Rf8 52.Qxg7+ Rf7 53.Qc3 
Rxf3 54.Rxe6+ Kxe6 55.Bb3 Qxb3 56.Qc6+ Kf5 57.Qf6+ Kg4 58.Qd4+ Kxg3 59.
Qg1+ Kf4 60.Qd4+ Kg3 61.Qg1+ Kh3 62.Qh1+ Kg4 63.Qg1+ Rg3 64.Qd4+ Kh3 65.
Qd7+ Kg2 0-1